Windows* Sockets 2 Application Programming Interface (E-Book) (Record no. 191153)
[ view plain ]
| 000 -LEADER | |
|---|---|
| fixed length control field | 00540 a2200121 4500 |
| 003 - CONTROL NUMBER IDENTIFIER | |
| control field | Nust |
| 005 - DATE AND TIME OF LATEST TRANSACTION | |
| control field | 20170207154010.0 |
| 040 ## - CATALOGING SOURCE | |
| Transcribing agency | Nust |
| 245 ## - TITLE STATEMENT | |
| Title | Windows* Sockets 2 Application Programming Interface (E-Book) |
| Remainder of title | An Interface for Transparent Network Programming Under Microsoft WindowsTM |
| 260 ## - PUBLICATION, DISTRIBUTION, ETC. | |
| Date of publication, distribution, etc. | August 7, 1997 |
| 300 ## - PHYSICAL DESCRIPTION | |
| Extent | ix,285P; |
| 505 ## - FORMATTED CONTENTS NOTE | |
| Formatted contents note | 1. Introduction 2. Summary Of New Concepts, Additions And Changes For Winsock 2 3. Windows Sockets Programming Considerations 4. SOCKET LIBRARY REFERENCE 5. Name Resolution And Registration |
| 651 ## - SUBJECT ADDED ENTRY--GEOGRAPHIC NAME | |
| Geographic name | (E-Book) |
| Withdrawn status | Lost status | Source of classification or shelving scheme | Damaged status | Not for loan | Collection code | Current Location | Date acquired | Total Checkouts | Barcode | Date last seen | Price effective from | Koha item type |
|---|---|---|---|---|---|---|---|---|---|---|---|---|
| Military College of Signals (MCS) | 12/12/2016 | MCSEB-327 | 12/08/2016 | 12/12/2016 | Book |
